| 000 | 00728nam a2200229 i 4500 | ||
|---|---|---|---|
| 001 | 115372 | ||
| 003 | ES-MaACL | ||
| 005 | 20250825062550.0 | ||
| 007 | t| | ||
| 008 | 070307s1926 sp ||||1| spa d | ||
| 080 | _a821.134.2-23"19" | ||
| 100 | 1 |
_aGabirondo Sarabia, Víctor. _953140 |
|
| 245 | 1 | 0 |
_aMadame Butterfly _b: drama en tres actos / _cV. Gabirondo, E. Endériz. |
| 260 |
_aMadrid : _bPrensa Moderna, _c1926. |
||
| 300 |
_a60 p. ; _c17 cm. |
||
| 490 | 1 |
_aEl Teatro moderno ; _v21 |
|
| 500 | _aEstrenada en El Teatro de Apolo de Valencia de 1922. | ||
| 700 | 1 |
_aEndériz, Ezequiel. _947200 |
|
| 830 | 0 | 3 |
_aEl teatro moderno (Prensa Moderna) _v21 _9182365 |
| 852 |
_aES-MaACL _jC-13010 |
||
| 999 |
_c115372 _d115372 |
||